000 01090nam a2200313 i 4500
003 EG-GICUC
005 20260414144706.0
008 260414s1939 fr ||||fr|||| 00| 0 fre d
040 _aEG-GiCUC
_bfre
_cEG-GiCUC
_dEG-GiCUC
_eRda
041 _afre
082 0 4 _221
_a341.33044
_bMI.D
092 0 4 _221
099 _aLaw1 11 341.33044 MI.D 1939
110 _kMinistère Des Affaires Étrangères
245 _aDocuments Diplomatiques Français (1871–1914) :
_b1ère Série (1871–1900) .
_nTome IX :
_p23 Août 1891 – 19 Août 1892 /
_cMinistère Des Affaires Étrangères .
264 _aParis :
_bIMPRIMERIE NATIONALE ,
_c1939 .
300 _a729 page ;
_c 24 cm.
336 _2rda contenu
_a texte
337 _2rda medias
_aOrdinateur
338 _2 transporteur rda
_a Ressource en ligne
500 _aIncludes Index Pages 707 - 729 .
546 _aTexte en français
650 1 _aDroit international
650 1 _aDiplomatie
_zFrance
651 1 _2qrmak
856 4 0 _uhttps://fll.law.cu.edu.eg/fulltext/bks/B11-05772.pdf
905 _a60
942 _2ddc
_cBK
_e21
_n0
999 _c70949
_d70949